| 000 | 00769cam a2200229 a 4500 | ||
|---|---|---|---|
| 001 | 4818742 | ||
| 005 | 20180206081614.0 | ||
| 008 | 890517s1989 nyua b 001 0 eng | ||
| 010 | _a 89034742 | ||
| 020 | _a0824780892 (alk. paper) | ||
| 040 |
_aDLC _cDLC _dDLC |
||
| 041 | _aeng | ||
| 080 | _a658.4012 RAB | ||
| 082 | 0 | 0 |
_a658.4012 RAB _220 |
| 100 | _a54 | ||
| 101 | _aMEN | ||
| 245 | 0 | 0 |
_aHandbook of strategic management / _cedited by Jack Rabin, Gerald J. Miller, W. Bartley Hildreth. |
| 504 | _aIncludes bibliographical references and index. | ||
| 906 |
_a7 _bcbc _corignew _d1 _eocip _f19 _gy-gencatlg |
||
| 942 |
_2ddc _cBK |
||
| 999 |
_c41936 _d41936 |
||